00552nam a2200205 a 4500001001300000003000900013005001700022008004100039020000900080082001600089100002100105245001900126260004400145300000900189500003500198505003400233650002900267650002900296700002100325nice12345678IN_TiNIC20260116015147.0050524s1972 boma grp 000 0 eng  ac1000a201.65bALE aAlexander, Denis aBeyond Science aBombaybGospel Literature Servicec1972 a222p aincludes index and biblioraphy2 aAuthorised King James Version aChristianity and Science aApologetics-20th Century1 aAlexander, Denis